[A. B. Fleming & Co., Limited, scottish printing ink factory and chemical works, Caroline Parker, Edinburg, Scotlan (Record no. 188236)

MARC details
000 -LEADER
campo de control de longitud fija 00606nam a2200157 i 4500
001 - NÚMERO DE CONTROL
campo de control 188236
003 - IDENTIFICADOR DE NÚMERO DE CONTROL
campo de control ES-MaACL
005 - FECHA Y HORA DE LA ÚLTIMA TRANSACCIÓN
campo de control 20230906223141.0
008 - DATOS DE LONGITUD FIJA--INFORMACIÓN GENERAL
campo de control de longitud fija 180716q18851890xxk |||| | spa d
110 2# - ENTRADA PRINCIPAL--NOMBRE DE ENTIDAD CORPORATIVA
Nombre de entidad corporativa o nombre de jurisdicción como elemento de entrada A.B. Fleming & Co., Limited.
9 (RLIN) 165178
245 11 - MENCIÓN DEL TÍTULO
Título [A. B. Fleming & Co., Limited, scottish printing ink factory and chemical works, Caroline Parker, Edinburg, Scotlan
Resto del título : la fabrica escocesa de tintas de imprenta].
260 ## - PUBLICACIÓN, DISTRIBUCIÓN, ETC.
Lugar de publicación, distribución, etc. [S.l. :
Nombre del editor, distribuidor, etc. s.n.,
Fecha de publicación, distribución, etc. 188?]
300 ## - DESCRIPCIÓN FÍSICA
Extensión [16 p.] :
Otras características físicas il. ;
Dimensiones 30 x 24 cm.
650 #4 - PUNTO DE ACCESO ADICIONAL DE MATERIA--TÉRMINO DE MATERIA
Término de materia o nombre geográfico como elemento de entrada Tintas de imprenta-
Subdivisión de forma Catálogos comerciales.
9 (RLIN) 165179
852 ## - LOCALIZACIÓN
Ubicación ES-MaACL
Número de control de estantería T-446-F-13
Holdings
Estatus retirado Estado de pérdida Estado de daño No para préstamo Colección Biblioteca de origen Biblioteca actual Ubicación en estantería Fecha de adquisición Fuente de adquisición Total de préstamos Signatura topográfica completa Código de barras Visto por última vez Precio de reemplazo Tipo de ítem Koha
        Colección de folletos Biblioteca del Ateneo de Madrid Biblioteca del Ateneo de Madrid Depósito folletos 16/07/2018     T-446-F-13 1199091 23/02/2023 23/02/2023 Folleto